Tottenham Hotspur Trivia - Statistics

General Stats
  • This quiz has been taken 1,979 times
  • The average score is 9 of 15
Answer Stats
Hint Answer % Correct
What is the most common nickname for the club? Spurs
84%
What is the name of their ground? White Hart Lane
83%
How many times have they won the FA Cup? 8
78%
Who was the manager before him? Harry Redknapp
78%
Who was installed as the Tottenham boss at the start of the 2012/2013 season? Andre Villas-Boas
70%
In 2009 which team did Tottenham beat 9-1 in the Premier League? Wigan Athletic
68%
What year were Tottenham Hotspur founded? 1882
58%
What player scored 5 goals in that game? Jermain Defoe
56%
What type of bird is their mascot? Cockerel
54%
Who scored the winning goal for Tottenham in the 2008 Carling Cup final? Jonathan Woodgate
53%
Who was the top goalscorer in the 2011/2012 season? Emmanuel Adebayor
48%
Who was the manager when Tottenham won that year? Juande Ramos
47%
Who is Tottenhams record signing? Luka Modric
47%
Which Tottenham player was voted PFA Young Player of the Year 2011/2012? Kyle Walker
36%
Who was voted player of the season 2011/2012? Scott Parker
22%
No matching quizzes found
Score Distribution
Percent of People with Each Score
Percentile by Number Answered
Your Score History
You have not taken this quiz